Probability, Statistics, and Random Processes for Engineers
Αποθηκεύτηκε σε:
| Κύριος συγγραφέας: | |
|---|---|
| Άλλοι συγγραφείς: | |
| Μορφή: | Άγνωστο |
| Γλώσσα: | Αγγλικά |
| Έκδοση: |
Boston, USA.
Pearson
2012
|
| Έκδοση: | Fourth Edition. |
| Θέματα: | |
| Ετικέτες: |
Προσθήκη ετικέτας
Δεν υπάρχουν, Καταχωρήστε ετικέτα πρώτοι!
|
MARC
| LEADER | 00000 a2200000 4500 | ||
|---|---|---|---|
| 003 | CL-VaPUC | ||
| 005 | 20220223103624.0 | ||
| 008 | 220113b2012 ||||| |||| 00| 0 eng d | ||
| 999 | |c 434407 |d 434405 | ||
| 020 | |a 978-0132311236 | ||
| 040 | |c Pontificia Universidad Católica de Valparaíso | ||
| 082 | 7 | |a 519.2 STA 2012 |2 22 | |
| 100 | 1 | |a Stark, Henry |9 865739 | |
| 245 | 1 | |a Probability, Statistics, and Random Processes for Engineers | |
| 250 | |a Fourth Edition. | ||
| 260 | |a Boston, USA. |b Pearson |c 2012 | ||
| 300 | |a 789 páginas | ||
| 583 | |k Cristina María Rojas Aguilar |c 20220113 | ||
| 650 | 0 | |a Probabilidades |9 260199 | |
| 650 | 0 | |a Procesos estocásticos |9 260364 | |
| 650 | 0 | |a Teoría de la estimación |9 270845 | |
| 700 | |a Woods, John W. |9 865763 | ||
| 942 | |2 ddc |c BK | ||
| 952 | |0 0 |1 0 |2 ddc |4 0 |6 519_200000000000000_STA_2012 |7 0 |8 A |9 580512 |a BIBING |b BIBING |c GEN |d 2022-01-13 |e 1 |g 205767.00 |i 562956K |l 3 |m 1 |o 519.2 STA 2012 |p 562956K |r 2025-01-20 |s 2024-07-08 |t 1 |v 205767.00 |w 2022-01-13 |y BK |k EIE | ||